000 00213nam a22000857a 4500
008 170302b xxu||||| |||| 00| 0 eng d
100 _93008
_aMohan.V
245 _aLal Bahadur Shastri
260 _aNew Delhi
_bS.Chand
_c2010
999 _c6251
_d6251